<The> New capital adequacy framework institutional constraints and incentive structures

Salvato in:
Dettagli Bibliografici
Autore principale: Karacadag, Cem
Altri autori: Taylor, Michael W.
Natura: Libro
Lingua:inglese
Pubblicazione: Washington International Monetary Fund 2000
Serie:IMF Working Paper WP/00/93
Soggetti:
Tags: Aggiungi Tag
Nessun Tag, puoi essere il primo ad aggiungerne!!

MARC

LEADER 00000nam a2200000 4500
001 c124259
005 20221108083350.6
041 0 |a eng 
044 |a US 
245 1 0 |a <The> New capital adequacy framework  |b institutional constraints and incentive structures  |c Cem Karacadag and Michael W. Taylor 
264 1 |a Washington  |b International Monetary Fund  |c 2000 
300 |a 40 s. 
490 1 |a IMF Working Paper  |v WP/00/93 
830 0 |a IMF Working Paper  |v WP/00/93 
610 2 0 |a banky 
610 2 0 |a kapitál bankový 
610 2 0 |a regulácia 
610 2 0 |a dohľad bankový 
100 1 |a Karacadag, Cem 
700 1 |a Taylor, Michael W.